000 02377nam0a22003251 4500
001 rc\3004410
005 20250806200749.0
035 _a(NLR Aleph) 007147364
090 _a2769
_c2769
100 _a20110920d1941 u y0rusy50 ca
101 0 _arus
102 _aRU
105 _ay z |||||
200 1 _aО дополнительной оплате труда колхозников за повышение урожайности сельскохозяйственных культур и продуктивности животноводства по Смоленской области
210 _aСмоленск
_cСмолгиз
_d1941
215 _a32 с.
_d19 см
300 _aОписано по 1-й с.
300 _aНа тит. л. и обл. загл.: О дополнительной оплате труда колхозников Смоленской области
327 0 _aВ кн. также: Об установлении плана урожайности сельскохозяйственных культур и заданий по продуктивности животноводства по колхозам Смоленской области на 1941 год : Постановл. Исполн. ком. Смол. обл. совета депутатов трудящихся и Бюро Обл. ком. ВКП(б) от 6 марта 1941 г.
464 0 _12001#$aОб установлении плана урожайности сельскохозяйственных культур и заданий по продуктивности животноводства по колхозам Смоленской области на 1941 год$eПостановл. Исполн. ком. Смол. обл. совета депутатов трудящихся и Бюро Обл. ком. ВКП(б) от 6 марта 1941 г.
512 0 0 _aО дополнительной оплате труда колхозников Смоленской области
710 0 1 _aСССР
_bСовет Народных Комиссаров
_3RU\NLR\AUTH\8810020782
712 0 2 _aВКП(б)
_bЦК
_3RU\NLR\AUTH\8810033047
_4570
801 0 _aRU
_bNLR
_gpsbo
801 1 _aRU
_bELAR
_2rusmarc
852 _aNLR
_jЭк50 Г-4/61
942 _cBOOK
945 _aРоссийская национальная библиотека
980 _aNB
980 _aBV